[Event "17th Dubai Chess Open"]
[Site "Dubai UAE"]
[Date "2015.04.07"]
[Round "2.26"]
[White "Saleh, Nabil"]
[Black "Ehlvest, Jaan"]
[Result "0-1"]
[WhiteTitle "FM"]
[BlackTitle "GM"]
[WhiteElo "2284"]
[BlackElo "2547"]
[WhiteFideId "9300139"]
[BlackFideId "4500016"]
[EventDate "2015.04.06"]

1. d4 Nf6 2. Nf3 c5 3. c3 e6 4. Bf4 Nc6 5. e3 d5 6. Nbd2 Bd6 7. Bg3 O-O 8. Bd3
b6 9. O-O Bb7 10. Ne5 Ne7 11. Qb1 a5 12. Re1 Qc7 13. a4 g6 14. Bh4 Kg7 15. f4
Nfg8 16. Bf2 f6 17. Nef3 Nh6 18. h3 Nf7 19. Nf1 Nc6 20. e4 cxd4 21. exd5 exd5
22. f5 dxc3 23. bxc3 Nfe5 24. Bxb6 Nxf3+ 25. gxf3 Qd7 26. Kg2 Ne5 27. Ne3 d4 28.
cxd4 Nxf3 0-1

[Event "17th Dubai Chess Open"]
[Site "Dubai UAE"]
[Date "2015.04.07"]
[Round "2.27"]
[White "Grover, Sahaj"]
[Black "Mamedjarova, Zeinab"]
[Result "1-0"]
[WhiteTitle "GM"]
[BlackTitle "WGM"]
[WhiteElo "2519"]
[BlackElo "2303"]
[WhiteFideId "5021103"]
[BlackFideId "13401521"]
[EventDate "2015.04.06"]

1. e4 e5 2. Nf3 Nf6 3. Nc3 Nc6 4. Bb5 Bd6 5. d3 h6 6. a3 O-O 7. g4 Nd4 8. g5
hxg5 9. Bxg5 Nxb5 10. Nxb5 Be7 11. Rg1 c6 12. Bxf6 Bxf6 13. Nd6 Qc7 14. Nh4 Qxd6
15. Nf5 Qe6 16. Qh5 Re8 17. Qh6 g6 18. Rg3 d5 19. O-O-O c5 20. Rdg1 Qxf5 21.
Rxg6+ Qxg6 22. Rxg6+ fxg6 23. Qxg6+ Kf8 24. Qxf6+ Kg8 25. Qg6+ Kf8 26. exd5 Re7
27. Qf6+ Ke8 28. h4 a5 29. h5 Ra6 30. d6 Rf7 31. Qxe5+ Kd7 32. h6 Rxd6 33. h7
Rh6 34. h8=Q Rxh8 35. Qxh8 b6 36. Qh6 Kc7 37. f4 Bd7 38. b3 Rf5 39. a4 Rd5 40.
Kd2 Bf5 41. Qg7+ Kc6 42. Qf6+ Kc7 43. Qf7+ Kc6 44. Qe8+ Kc7 45. Qg8 Rd7 46. Qf8
Rd5 47. Ke3 Kb7 48. c4 Rxd3+ 1-0

[Event "17th Dubai Chess Open"]
[Site "Dubai UAE"]
[Date "2015.04.07"]
[Round "2.28"]
[White "Maisuradze, Nino"]
[Black "Arun Prasad, S."]
[Result "1-0"]
[WhiteTitle "WGM"]
[BlackTitle "GM"]
[WhiteElo "2302"]
[BlackElo "2502"]
[WhiteFideId "13601717"]
[BlackFideId "5011167"]
[EventDate "2015.04.06"]

1. d4 d5 2. c4 e6 3. Nf3 c6 4. e3 f5 5. Bd3 Nf6 6. O-O Bd6 7. b3 Qe7 8. a4 a5 9.
Ba3 Bxa3 10. Nxa3 O-O 11. Nc2 Ne4 12. Ne5 Nd7 13. f4 Ndf6 14. Qe1 Bd7 15. c5 Bc8
16. b4 axb4 17. Qxb4 Nd7 18. Nxd7 Bxd7 19. Qxb7 Rfb8 20. Qc7 Rc8 21. Qe5 Nd2 22.
Rfd1 Nb3 23. Rab1 Na5 24. Rb4 Qd8 25. Rdb1 Qc7 26. Qxc7 Rxc7 27. Rb8+ Rc8 28.
Rxa8 Rxa8 29. Rb6 Kf7 30. Ra6 Rxa6 31. Bxa6 Ke7 32. Kf2 Kd8 33. Ke2 Bc8 34. Bd3
Kc7 35. Kd2 Kb7 36. Kc3 Ka7 37. Kb4 Nb7 38. a5 Nd8 39. Ka4 Nf7 40. Nb4 Bd7 41.
a6 Nh6 42. Be2 Ng8 43. Ka5 Ne7 44. Nd3 Be8 45. g4 Kb8 46. Ne5 Ka7 47. h3 Kb8 48.
Bd3 Ka7 49. Bc2 h6 50. g5 h5 51. Bd1 g6 52. Be2 Kb8 53. Kb6 Nc8+ 54. Ka5 Ka7 55.
Kb4 Ne7 56. Kc3 Kb8 57. Kd2 Ka7 58. Ke1 Kb8 59. Kf2 Ka7 60. Kg3 Kb8 61. Kh4 Ka7
62. Nf3 Bd7 63. Ne5 Be8 64. Nf3 Bd7 65. Nd2 Bc8 66. Bxh5 gxh5 67. Kxh5 Bd7 68.
Kh6 Be8 69. Nf3 Kxa6 70. Ne5 Kb5 71. Kg7 1-0

[Event "17th Dubai Chess Open"]
[Site "Dubai UAE"]
[Date "2015.04.08"]
[Round "3.1"]
[White "Ehlvest, Jaan"]
[Black "Howell, David W L"]
[Result "0-1"]
[WhiteTitle "GM"]
[BlackTitle "GM"]
[WhiteElo "2547"]
[BlackElo "2686"]
[WhiteFideId "4500016"]
[BlackFideId "410608"]
[EventDate "2015.04.06"]

1. d4 Nf6 2. Nf3 g6 3. Bg5 Bg7 4. e3 O-O 5. Be2 c5 6. c3 d6 7. Nbd2 Be6 8. O-O
Qb6 9. Qb1 Nc6 10. Re1 cxd4 11. exd4 Bf5 12. Nc4 Bxb1 13. Nxb6 axb6 14. Rexb1 h6
15. Bxf6 Bxf6 16. d5 Nb8 17. Rd1 Nd7 18. a3 Rfc8 19. Rd2 Nc5 20. Rad1 Nb3 21.
Rd3 Nc5 22. R3d2 Nb3 23. Rd3 h5 24. g3 Nc5 25. R3d2 Nb3 26. Rd3 Kg7 27. h3 Nc5
28. Re3 Na4 29. Rd2 Rc5 30. Re4 b5 31. Rb4 Nxc3 32. bxc3 Bxc3 33. Rd3 Bxb4 34.
axb4 Rc1+ 35. Kg2 Ra2 36. Re3 Rcc2 37. Kf1 Kf8 38. Ne1 Rcb2 39. Nd3 Rb3 40. f4
Rc2 41. f5 gxf5 42. Bxh5 Rc4 43. Bd1 Ra3 44. Bf3 Rxb4 45. Kf2 Rd4 46. Nf4 Rd2+
47. Be2 b4 0-1

[Event "17th Dubai Chess Open"]
[Site "Dubai UAE"]
[Date "2015.04.08"]
[Round "3.2"]
[White "Fedoseev, Vladimir3"]
[Black "Grover, Sahaj"]
[Result "1-0"]
[WhiteTitle "GM"]
[BlackTitle "GM"]
[WhiteElo "2674"]
[BlackElo "2519"]
[WhiteFideId "24130737"]
[BlackFideId "5021103"]
[EventDate "2015.04.06"]

1. d4 Nf6 2. c4 e6 3. Nf3 c5 4. d5 d6 5. Nc3 exd5 6. cxd5 g6 7. e4 Bg7 8. Nd2
O-O 9. Be2 Nbd7 10. O-O Re8 11. Qc2 Ne5 12. b3 g5 13. Bb2 a6 14. a4 g4 15. Nd1
Rb8 16. a5 Ng6 17. Bc4 Qe7 18. Re1 Bf5 19. exf5 Qxe1+ 20. Nf1 Nf8 21. Ne3 Rxe3
22. fxe3 Qh4 23. Ra4 Re8 24. b4 N8d7 25. b5 axb5 26. Bxb5 Re7 27. Bxd7 Nxd7 28.
h3 h5 29. hxg4 Bxb2 30. Qxb2 Nf6 31. gxh5 Qxa4 32. Qxf6 Re4 33. Qxd6 Rg4 34.
Qb8+ Kh7 35. Qxb7 Qe4 36. Qb2 Qxd5 37. a6 Qc6 38. a7 c4 39. f6 Qe4 40. g3 Rg8
41. Qb4 Rc8 42. Qb8 Qa8 43. Qe5 Qf3 44. Nh2 Qd1+ 45. Kg2 Qc2+ 46. Kh3 c3 47. Qg5 1-0

[Event "17th Dubai Chess Open"]
[Site "Dubai UAE"]
[Date "2015.04.08"]
[Round "3.3"]
[White "Zhigalko, Sergei"]
[Black "Karthikeyan, Murali"]
[Result "1-0"]
[WhiteTitle "GM"]
[BlackTitle "IM"]
[WhiteElo "2675"]
[BlackElo "2504"]
[WhiteFideId "13502956"]
[BlackFideId "5074452"]
[EventDate "2015.04.06"]

1. e4 c5 2. Nf3 e6 3. c3 Nf6 4. e5 Nd5 5. d4 cxd4 6. cxd4 d6 7. Bc4 Nc6 8. O-O
Be7 9. Bd2 O-O 10. Nc3 dxe5 11. dxe5 a6 12. Rc1 Nxc3 13. Rxc3 Nb4 14. a3 b5 15.
Bb3 Nd5 16. Rd3 Bb7 17. Re1 Qc7 18. Ng5 Rad8 19. Qg4 Nb6 20. Rg3 g6 21. Qh3 h5
22. Nxe6 fxe6 23. Qxh5 1-0

[Event "17th Dubai Chess Open"]
[Site "Dubai UAE"]
[Date "2015.04.08"]
[Round "3.4"]
[White "Ezat, Mohamed"]
[Black "Bartel, Mateusz"]
[Result "1/2-1/2"]
[WhiteTitle "IM"]
[BlackTitle "GM"]
[WhiteElo "2479"]
[BlackElo "2627"]
[WhiteFideId "10600906"]
[BlackFideId "1112635"]
[EventDate "2015.04.06"]

1. d4 d5 2. c4 c6 3. cxd5 cxd5 4. Nc3 Nc6 5. Bf4 e5 6. dxe5 d4 7. Ne4 Bf5 8. Ng3
Bg6 9. Nf3 Bb4+ 10. Bd2 Nge7 11. Bxb4 Nxb4 12. Rc1 Rc8 13. e4 dxe3 14. Bb5+ Nec6
15. Qxd8+ Rxd8 16. fxe3 O-O 17. Ke2 Nxa2 18. Rcd1 Nab4 19. Rd6 a6 20. Bxc6 bxc6
21. Rhd1 Rb8 22. e4 Rfe8 23. h4 h6 24. h5 Bh7 25. R1d2 c5 26. Nf5 c4 27. Ke3 Nd3
28. Rxa6 Bxf5 29. exf5 Nxe5 30. Nxe5 Rxe5+ 31. Kf4 Re1 32. Rc6 Rf1+ 33. Kg4 Rb1
34. Rxc4 R1xb2 35. Rxb2 1/2-1/2

[Event "17th Dubai Chess Open"]
[Site "Dubai UAE"]
[Date "2015.04.08"]
[Round "3.5"]
[White "Mammadov, Zaur"]
[Black "Istratescu, Andrei"]
[Result "0-1"]
[WhiteTitle "IM"]
[BlackTitle "GM"]
[WhiteElo "2470"]
[BlackElo "2630"]
[WhiteFideId "13401033"]
[BlackFideId "1200372"]
[EventDate "2015.04.06"]

1. e4 e5 2. Nf3 Nc6 3. Nc3 g6 4. d4 exd4 5. Nd5 Bg7 6. Bg5 Nce7 7. Nxd4 c6 8.
Nxe7 Nxe7 9. c3 h6 10. Bh4 d5 11. exd5 Qxd5 12. Qe2 O-O 13. O-O-O Qxa2 14. Qxe7
Bxd4 15. Bd3 Qa1+ 16. Kc2 Qa4+ 17. Kb1 Bg7 18. Bc2 Qb5 19. Bf6 Bf5 20. Bxg7
Bxc2+ 21. Kxc2 Kxg7 22. Rhe1 Qf5+ 23. Kc1 Rae8 24. Qh4 Qf6 25. Qg3 a5 26. Re3 a4
27. Rf3 Qe6 28. Qf4 a3 29. bxa3 Qa2 30. Qd4+ Kg8 31. c4 Re2 32. Rd2 Re1+ 33. Rd1
Rfe8 34. Re3 R8xe3 35. fxe3 Qxa3+ 36. Kd2 Qb4+ 37. Kc2 Qa4+ 38. Kc1 Rxd1+ 39.
Qxd1 Qxd1+ 0-1

[Event "17th Dubai Chess Open"]
[Site "Dubai UAE"]
[Date "2015.04.08"]
[Round "3.6"]
[White "Gupta, Abhijeet"]
[Black "Idani, Pouya"]
[Result "1/2-1/2"]
[WhiteTitle "GM"]
[BlackTitle "GM"]
[WhiteElo "2625"]
[BlackElo "2496"]
[WhiteFideId "5010608"]
[BlackFideId "12510130"]
[EventDate "2015.04.06"]

1. Nf3 c5 2. c4 Nc6 3. Nc3 g6 4. g3 Bg7 5. Bg2 d6 6. O-O Bf5 7. a3 Qd7 8. b4
cxb4 9. axb4 Nxb4 10. d4 Nf6 11. Qb3 Nc6 12. d5 Nd8 13. Be3 Ne4 14. Nxe4 Bxe4
15. Rxa7 Rxa7 16. Bxa7 b5 17. Qxb5 Qxb5 18. cxb5 Bxd5 19. Rc1 Ne6 20. Ng5 Bxg2
21. Nxe6 fxe6 22. Kxg2 Kd7 23. b6 d5 24. f4 Bd4 25. Kf3 Rf8 26. Rc7+ Kd6 27. Rc2
Kd7 28. Kg2 e5 29. Rc7+ Kd6 30. fxe5+ Bxe5 31. e3 Ke6 32. Rc2 Kd7 33. b7 Bb8 34.
Bb6 Bd6 35. Ba7 Bb8 36. Bc5 Be5 37. Bd4 Bc7 38. Ba7 1/2-1/2

[Event "17th Dubai Chess Open"]
[Site "Dubai UAE"]
[Date "2015.04.08"]
[Round "3.7"]
[White "Sagar, Shah"]
[Black "Grandelius, Nils"]
[Result "0-1"]
[WhiteTitle "IM"]
[BlackTitle "GM"]
[WhiteElo "2458"]
[BlackElo "2603"]
[WhiteFideId "5022509"]
[BlackFideId "1710400"]
[EventDate "2015.04.06"]

1. d4 Nf6 2. c4 g6 3. Nf3 Bg7 4. g3 b6 5. Nc3 Bb7 6. d5 Na6 7. Bg2 Nc5 8. Nd4 e5
9. Nc2 a5 10. e4 d6 11. O-O O-O 12. b3 Ne8 13. Rb1 f5 14. a3 Nf6 15. Bg5 Qd7 16.
Bxf6 Rxf6 17. b4 axb4 18. axb4 Nxe4 19. Nxe4 fxe4 20. Bxe4 Qf7 21. Ne1 Rf8 22.
Nd3 Bc8 23. Qd2 h5 24. Rfc1 h4 25. Rc2 Bg4 26. Qg5 Bf5 27. Bxf5 gxf5 28. Qxh4
Rg6 29. Qh3 f4 30. Re1 b5 31. Qg2 bxc4 32. Rxc4 f3 33. Qf1 Qxd5 34. Rxc7 e4 35.
Nc1 Qf5 36. Nb3 d5 37. Nc5 Be5 38. Rb7 Rh6 39. Nxe4 dxe4 40. Qc4+ Qe6 41. Qxe6+
Rxe6 42. Rxe4 Rd8 43. Re1 Bxg3 44. Rb1 Bf4 45. Kf1 Bxh2 0-1

[Event "17th Dubai Chess Open"]
[Site "Dubai UAE"]
[Date "2015.04.08"]
[Round "3.8"]
[White "Guseinov, Gadir"]
[Black "Hayrapetyan, Hovik"]
[Result "1-0"]
[WhiteTitle "GM"]
[BlackTitle "GM"]
[WhiteElo "2614"]
[BlackElo "2465"]
[WhiteFideId "13401378"]
[BlackFideId "13302639"]
[EventDate "2015.04.06"]

1. e4 c5 2. Nc3 e6 3. Nf3 a6 4. d4 cxd4 5. Nxd4 Qc7 6. Bd3 Nc6 7. Nxc6 bxc6 8.
O-O d5 9. f4 Nf6 10. e5 Nd7 11. Na4 g6 12. c4 Qa7+ 13. Kh1 d4 14. Be4 Bb7 15.
Qf3 Rb8 16. Bxc6 Bxc6 17. Qxc6 Be7 18. b3 O-O 19. Bb2 Rfd8 20. Rad1 Nc5 21. Bxd4
Rxd4 22. Rxd4 Nxa4 23. Rd7 Qe3 24. Qxa4 1-0

[Event "17th Dubai Chess Open"]
[Site "Dubai UAE"]
[Date "2015.04.08"]
[Round "3.9"]
[White "Harutyunian, Tigran K."]
[Black "Solak, Dragan"]
[Result "0-1"]
[WhiteTitle "IM"]
[BlackTitle "GM"]
[WhiteElo "2445"]
[BlackElo "2607"]
[WhiteFideId "13303635"]
[BlackFideId "916811"]
[EventDate "2015.04.06"]

1. d4 d5 2. c4 c6 3. Nf3 Nf6 4. Qb3 e6 5. g3 Be7 6. Bg2 O-O 7. O-O b6 8. Nc3 Ba6
9. cxd5 cxd5 10. Bf4 Nc6 11. Qa4 Bb7 12. Rfc1 a6 13. Ne5 Rc8 14. Nxc6 Rxc6 15.
Qb3 b5 16. a4 b4 17. Na2 Qb6 18. Qd1 Rfc8 19. Rxc6 Rxc6 20. Rc1 a5 21. e3 Ne4
22. Rxc6 Bxc6 23. f3 Nd6 24. b3 Nf5 25. g4 g5 26. gxf5 gxf4 27. fxe6 fxe6 28.
Nc1 fxe3 29. Ne2 Bb7 30. Bh3 Ba6 31. Nf4 e5 32. Nxd5 e2 33. Nxe7+ Kf7 34. Qb1
Qxd4+ 35. Kg2 Qd3 36. Qc1 Qd1 37. Qc6 Qf1+ 38. Kg3 e1=Q+ 39. Kg4 h5+ 40. Kg5
Qe3+ 0-1

[Event "17th Dubai Chess Open"]
[Site "Dubai UAE"]
[Date "2015.04.08"]
[Round "3.10"]
[White "Volkov, Sergey"]
[Black "Pascua, Haridas"]
[Result "1-0"]
[WhiteTitle "GM"]
[BlackTitle "IM"]
[WhiteElo "2614"]
[BlackElo "2423"]
[WhiteFideId "4122763"]
[BlackFideId "5203953"]
[EventDate "2015.04.06"]

1. d4 Nf6 2. c4 g6 3. Nc3 Bg7 4. e4 d6 5. Be2 O-O 6. Nf3 e5 7. Be3 c6 8. d5 Na6
9. Nd2 c5 10. g4 Ne8 11. h4 f5 12. f3 Bd7 13. a3 b6 14. gxf5 gxf5 15. exf5 Bf6
16. Nde4 Bxf5 17. Bd3 Ng7 18. h5 Bxe4 19. Bxe4 Bg5 20. Qd2 Bxe3 21. Qxe3 Nf5 22.
Bxf5 Rxf5 23. O-O-O Kh8 24. Ne4 Qf8 25. Rh3 Rf4 26. h6 Nc7 27. Rg1 Ne8 28. Kb1
b5 29. cxb5 Nf6 30. Qd3 Ng8 31. Ka1 Qf5 32. Qf1 Ne7 33. Nxd6 Qd7 34. Ne4 Qxd5
35. Qg2 Ng6 36. Rg3 c4 37. Nc3 Qf7 38. Qe2 Re8 39. Ne4 Qf8 40. Qxc4 Qxh6 41. Qc6
Ref8 42. Ng5 R4f6 43. Qe4 Qh4 44. Qb7 Rb6 45. Qxa7 Rxb5 46. Rh3 1-0

[Event "17th Dubai Chess Open"]
[Site "Dubai UAE"]
[Date "2015.04.08"]
[Round "3.11"]
[White "Vignesh, NR"]
[Black "Mchedlishvili, Mikheil"]
[Result "1/2-1/2"]
[BlackTitle "GM"]
[WhiteElo "2365"]
[BlackElo "2586"]
[WhiteFideId "25012215"]
[BlackFideId "13600966"]
[EventDate "2015.04.06"]

1. d4 Nf6 2. c4 e6 3. g3 c5 4. d5 exd5 5. cxd5 d6 6. Nc3 g6 7. Bg2 Bg7 8. Nf3
O-O 9. O-O Nbd7 10. Nd2 Nh5 11. Nc4 Ne5 12. Nxe5 Bxe5 13. f4 Bg7 14. e4 Re8 15.
Bf3 Nf6 16. e5 dxe5 17. fxe5 Rxe5 18. Bf4 Re8 19. Nb5 Bh3 20. Rf2 Ne4 21. Bxe4
Rxe4 22. Qf3 Qxd5 23. Nc7 Qf5 24. Nxa8 Bd4 25. Rf1 g5 26. Be3 Qxf3 27. Rxf3
Bxe3+ 28. Rxe3 Rxe3 29. Kf2 Re7 30. Rd1 b6 31. a4 Bg4 32. Rd2 h6 33. h4 gxh4 34.
gxh4 Rb7 35. Kg3 Be6 36. Kf4 Kf8 37. Rd8+ Ke7 38. Rh8 Kd6 39. Rd8+ Kc6 40. Rh8
Rd7 41. Rxh6 Rd8 42. h5 Rxa8 43. Rf6 Kd6 44. h6 Ke7 45. Ke5 Rh8 1/2-1/2

[Event "17th Dubai Chess Open"]
[Site "Dubai UAE"]
[Date "2015.04.08"]
[Round "3.12"]
[White "Abhishek, Kelkar"]
[Black "Papp, Gabor1"]
[Result "0-1"]
[BlackTitle "GM"]
[WhiteElo "2343"]
[BlackElo "2575"]
[WhiteFideId "5019257"]
[BlackFideId "718602"]
[EventDate "2015.04.06"]

1. d4 d5 2. Nf3 Nf6 3. c4 e6 4. Nc3 Be7 5. Bg5 h6 6. Bxf6 Bxf6 7. e3 O-O 8. Qd2
c6 9. h4 g6 10. e4 Bg7 11. O-O-O dxc4 12. Bxc4 Nd7 13. Bb3 c5 14. d5 exd5 15.
Bxd5 Qe7 16. Rhe1 Nb6 17. e5 Bf5 18. Qf4 Rad8 19. Be4 Be6 20. Bc2 Nd5 21. Nxd5
Rxd5 22. Rxd5 Bxd5 23. Re3 Qe6 24. Bb3 Rd8 25. Nd2 Bxb3 26. axb3 Rd5 27. Nf3 Qa6
28. Re1 b5 29. Qe4 Rd8 30. Kb1 Qe6 31. Qc2 Rd5 32. Qc3 Qg4 33. Qe3 Qe6 34. Kc2
a5 35. Qe4 c4 36. bxc4 Rc5 37. Kb1 Rxc4 38. Qd3 a4 39. Re4 Rc5 40. Qd4 Rd5 41.
Qe3 Rd1+ 42. Kc2 Ra1 43. Rb4 Bf8 44. Rd4 a3 45. Rd1 Qc4+ 46. Qc3 Qxc3+ 0-1

[Event "17th Dubai Chess Open"]
[Site "Dubai UAE"]
[Date "2015.04.08"]
[Round "3.13"]
[White "Kulkarni, Rakesh"]
[Black "Solodovnichenko, Yuri"]
[Result "0-1"]
[BlackTitle "GM"]
[WhiteElo "2282"]
[BlackElo "2584"]
[WhiteFideId "5037077"]
[BlackFideId "14104369"]
[EventDate "2015.04.06"]

1. e4 c5 2. c3 d6 3. d4 Nf6 4. Bd3 g6 5. Nf3 Bg7 6. h3 O-O 7. O-O Na6 8. a3 cxd4
9. cxd4 e5 10. Nc3 exd4 11. Nxd4 Nc5 12. Bc2 d5 13. exd5 Nxd5 14. Nxd5 Qxd5 15.
Be3 b6 16. Nb5 Qc6 17. Nd4 Qf6 18. b4 Ne6 19. Be4 Rb8 20. Nc6 Qh4 21. Qf3 Bxa1
22. Nxb8 Bb2 23. Nc6 a6 24. Rb1 Ng5 25. Bxg5 Qxg5 26. h4 Qf6 27. Qe2 Re8 28.
Rxb2 Bf5 29. f3 Bxe4 30. fxe4 Qxc6 31. Rc2 Qd6 32. Rc4 b5 33. Rc3 Qf6 34. Qf3
Qd4+ 35. Qe3 Qd1+ 36. Kh2 Qg4 37. Qg3 Qxe4 38. Rf3 Kg7 39. Rf4 Qe5 40. Qf3 Rc8
41. Kh3 Rc3 42. Rxf7+ Kh6 43. Qxc3 Qxc3+ 44. Rf3 Qc6 45. Rf4 Kg7 46. Rf3 Qe4 0-1

[Event "17th Dubai Chess Open"]
[Site "Dubai UAE"]
[Date "2015.04.08"]
[Round "3.14"]
[White "Nigalidze, Gaioz"]
[Black "Maisuradze, Nino"]
[Result "1-0"]
[WhiteTitle "GM"]
[BlackTitle "WGM"]
[WhiteElo "2566"]
[BlackElo "2302"]
[WhiteFideId "13603078"]
[BlackFideId "13601717"]
[EventDate "2015.04.06"]

1. Nf3 c5 2. c4 Nc6 3. Nc3 e5 4. g3 g6 5. Bg2 Bg7 6. d3 Nge7 7. Nd2 d6 8. Nf1
Be6 9. Ne3 Qd7 10. Ned5 O-O 11. h3 Rab8 12. g4 f5 13. g5 b5 14. Nxb5 Bxd5 15.
cxd5 Rxb5 16. dxc6 Qc7 17. Qc2 Rb4 18. Bd2 Rh4 19. Qb3+ Kh8 20. Qb7 Rc8 21. b4
cxb4 22. Bxb4 e4 23. Rc1 Qxb7 24. cxb7 Rxc1+ 25. Kd2 e3+ 26. fxe3 Rc8 27.
bxc8=R+ Nxc8 28. Rc1 1-0

[Event "17th Dubai Chess Open"]
[Site "Dubai UAE"]
[Date "2015.04.08"]
[Round "3.15"]
[White "Petrosyan, Manuel"]
[Black "Kovalenko, Igor"]
[Result "0-1"]
[WhiteTitle "IM"]
[BlackTitle "GM"]
[WhiteElo "2427"]
[BlackElo "2661"]
[WhiteFideId "13300857"]
[BlackFideId "14117908"]
[EventDate "2015.04.06"]

1. Nf3 g6 2. c4 Bg7 3. Nc3 c5 4. e3 Nf6 5. d4 O-O 6. Be2 cxd4 7. exd4 d5 8. O-O
Nc6 9. h3 dxc4 10. Bxc4 Na5 11. Bd3 Be6 12. Re1 Rc8 13. Bg5 Bc4 14. Bxc4 Nxc4
15. Qe2 Re8 16. Rac1 Nb6 17. Bxf6 Bxf6 18. Ne4 Rxc1 19. Rxc1 Bg7 20. Qb5 Rf8 21.
Qa5 Qb8 22. Nc3 Rc8 23. Re1 Nc4 24. Qb4 e6 25. Ne4 Nb6 26. Nc3 Qc7 27. Qa5 a6
28. Qb4 Nc4 29. Ne4 a5 30. Qb5 Qc6 31. Qxc6 Rxc6 32. Re2 Nb6 33. Nc3 Bf8 34. Re5
Nc4 35. Rb5 Nxb2 36. Ne4 Rc1+ 37. Kh2 Nc4 38. Nf6+ Kh8 39. Rxb7 Nd6 40. Ra7 Kg7
41. Nd7 Rc2 42. Nxf8 Kxf8 43. Rxa5 Rxf2 44. d5 exd5 45. Rxd5 Nc4 46. Rd8+ Kg7
47. a4 Ra2 48. Rd3 h6 49. Kg3 Rxa4 50. Rd4 Nb6 51. Rxa4 Nxa4 52. Kf4 Kf6 53. Ke4
Nc5+ 54. Kf4 Ke6 55. Ke3 Kd5 56. Kf4 Ne6+ 57. Ke3 f5 58. Nh4 f4+ 59. Kf3 g5 60.
Nf5 h5 61. Ne7+ Ke5 62. Nc6+ Kd6 63. Nb4 Kc5 64. Nd3+ Kd4 65. Nf2 Ke5 66. Nd3+
Kd4 67. Nf2 Kd5 68. Nd3 Nd4+ 69. Kf2 Nf5 70. Kf3 Nh4+ 71. Kf2 Kd4 72. Nb4 Ng6
73. Nc6+ Ke4 74. Nd8 Nf8 75. Nf7 Ne6 76. Nd6+ Ke5 77. Nf7+ Kf6 78. Nd6 Nd4 79.
Ne4+ Kf5 80. Nd6+ Ke5 81. Nf7+ Kf6 82. Nd6 Ne6 83. Kf3 Ke5 84. Nf7+ Kf5 85. Nd6+
Kf6 86. Nc4 Nd4+ 87. Ke4 Nf5 88. Kf3 Ke6 89. Kf2 Nd6 90. Nb6 Ke5 91. Nd7+ Kf5
92. Ke2 Ne4 93. Kf3 Nc3 94. Kf2 g4 95. hxg4+ hxg4 96. Kg1 Ne4 97. Nb6 Ke5 98.
Kf1 Kd4 99. Ke2 Nc3+ 100. Kf2 Kd3 101. Nd7 Ne4+ 102. Kf1 Nd2+ 103. Kf2 g3+ 104.
Kg1 Nc4 105. Nc5+ Ke3 106. Ne6 Nd2 107. Ng5 Ne4 108. Nf3 Kd3 109. Ne5+ Ke2 110.
Ng6 Ke3 111. Ne5 Nd6 112. Kf1 Nf5 113. Ng6 Ke4 114. Kg1 Nd4 115. Nh4 Ke5 116.
Ng6+ Kf5 117. Ne7+ Kg4 118. Ng6 Nc6 119. Kf1 Kg5 120. Nf8 Nd4 121. Nd7 Nf5 122.
Ne5 Nh4 123. Kg1 Kf5 124. Nc4 Ke4 125. Nd6+ Ke3 126. Nc4+ Kd3 127. Ne5+ Ke2 128.
Ng4 Ng6 129. Nh6 Ne7 130. Nf7 Nc6 131. Ng5 Nd4 132. Nh3 Ne6 133. Kh1 Kd2 134.
Kg1 Ke1 135. Kh1 f3 136. gxf3 Kf1 137. Nf4 Nd4 138. Ng2 Nf5 139. Nf4 Ne3 140.
Nh3 Nd1 0-1

[Event "17th Dubai Chess Open"]
[Site "Dubai UAE"]
[Date "2015.04.08"]
[Round "3.16"]
[White "Petrosian, Tigran L."]
[Black "Sundararajan, Kidambi"]
[Result "1-0"]
[WhiteTitle "GM"]
[BlackTitle "GM"]
[WhiteElo "2671"]
[BlackElo "2433"]
[WhiteFideId "13301616"]
[BlackFideId "5005370"]
[EventDate "2015.04.06"]

1. Nf3 Nf6 2. g3 g6 3. Bg2 Bg7 4. c4 c6 5. Nc3 d5 6. cxd5 cxd5 7. d4 Ne4 8. Qb3
Nxc3 9. bxc3 O-O 10. Nd2 e6 11. e4 Nc6 12. O-O Na5 13. Qd1 b6 14. Ba3 Re8 15. e5
Ba6 16. Re1 Rc8 17. Re3 Qd7 18. h4 Nc4 19. Nxc4 Rxc4 20. h5 Qa4 21. Qb3 Qc6 22.
Bb2 Ra4 23. Qd1 Bc4 24. a3 Ra5 25. f4 Rb5 26. Bc1 Rb3 27. Bf3 Rc8 28. Qc2 a5 29.
Bd1 a4 30. Qd2 b5 31. g4 Qd7 32. Rh3 Qa7 33. Bb2 Rc6 34. Qh2 Qb6 35. hxg6 hxg6
36. Bxb3 axb3 37. Kf2 1-0

[Event "17th Dubai Chess Open"]
[Site "Dubai UAE"]
[Date "2015.04.08"]
[Round "3.17"]
[White "Ivanisevic, Ivan"]
[Black "Laxman, R.R."]
[Result "1/2-1/2"]
[WhiteTitle "GM"]
[BlackTitle "GM"]
[WhiteElo "2638"]
[BlackElo "2375"]
[WhiteFideId "912417"]
[BlackFideId "5005361"]
[EventDate "2015.04.06"]

1. d4 Nf6 2. c4 e6 3. Nc3 Bb4 4. Qc2 O-O 5. a3 Bxc3+ 6. Qxc3 d6 7. Nf3 Re8 8. e3
e5 9. dxe5 dxe5 10. Nxe5 Ne4 11. Qd3 Nd7 12. Qxe4 Nxe5 13. Be2 Bg4 14. Qc2 Bxe2
15. Qxe2 Nd3+ 16. Kf1 Qd6 17. h3 Rad8 18. Kg1 Re4 19. Bd2 Nxf2 20. Kxf2 Qxd2 21.
Rhd1 Qxe2+ 22. Kxe2 Rde8 23. Rd7 Rxe3+ 24. Kf1 R3e7 25. Rad1 Rxd7 26. Rxd7 Rc8
27. c5 Kf8 28. Ke2 Ke8 29. Rd4 c6 30. Re4+ Kd7 31. Rd4+ Kc7 32. Re4 Rd8 33. Re7+
Rd7 34. Re8 b6 35. cxb6+ axb6 36. Rh8 h6 37. Rg8 f6 38. g4 Kd6 39. Ke3 b5 40.
Kf4 Ke6 41. Re8+ Kf7 42. Rc8 Rd4+ 43. Ke3 Rc4 44. Rc7+ Kg6 45. Kd3 Rc1 46. Kd4
Rc4+ 47. Kd3 h5 48. gxh5+ Kh6 49. b4 Rh4 50. Rxc6 Rxh3+ 51. Kd4 Rh4+ 52. Kd3
Rxh5 53. Rc5 Rh3+ 54. Kd4 Rxa3 55. Rxb5 g5 56. Rf5 Kg6 57. Rf1 g4 58. Rb1 Kf5
59. b5 g3 60. b6 g2 61. Rg1 Rb3 62. Rxg2 Rxb6 63. Rg1 Rb3 64. Rf1+ Kg5 65. Ke4
Rb4+ 66. Ke3 f5 67. Rg1+ Rg4 68. Rb1 1/2-1/2